000 00297nam a2200097Ia 4500
008 220204s9999 xx 000 0 und d
082 _aNR:338.45
_bMRR
245 0 _aMalaysian natural rubber industry 1983-2000: Report of the task force of experts
260 _aKuala Lumpur
_bMRRDB
_c1983
942 _cBK
999 _c38152
_d38152